The last days in England of the Rajah Rammohun Roy,

Bibliographic Details
Main Author: Carpenter, Mary, 1807-1877 (Author)
Corporate Author: Adam Matthew Digital (Firm) (digitiser.)
Format: eBook
Language:English
Published: London : Trübner & Co., 1866.
Series:AM Scholar: Area Studies India.
Subjects:
Online Access:Connect to the full text of this electronic book

MARC

Tag First Indicator Second Indicator Subfields
LEADER 00000cam a2200000 i 4500
001 in00005476721
006 m o d
007 cr |||||||||||
008 190122s1866 enka ob 000 0beng d
005 20240917155106.0
035 |a (OCoLC)on1114505202 
040 |a UKAMD  |b eng  |e rda  |e pn  |c UKAMD  |d OCLCF  |d OCLCO  |d OCLCL  |d OCLCQ 
035 |a (OCoLC)1114505202 
050 4 |a BL1274.592.R36 
082 0 4 |a 294.5562092  |2 23 
049 |a TXAM 
100 1 |a Carpenter, Mary,  |d 1807-1877,  |e author. 
245 1 4 |a The last days in England of the Rajah Rammohun Roy,  |f 1866 /  |c Mary Carpenter. 
264 1 |a London :  |b Trübner & Co.,  |c 1866. 
300 |a 1 online resource (1 volume (xi, 255 pages)) :  |b illustrations (black and white). 
336 |a text  |b txt  |2 rdacontent 
337 |a computer  |b c  |2 rdamedia 
338 |a online resource  |b cr  |2 rdacarrier 
490 1 |a AM Scholar: Area Studies India. 
504 |a Includes bibliographical references. 
535 1 |a British Library 
542 |f The British Library Board. 
588 |a Description based on online resource; title from scanned document's title page (viewed on January 22, 2019). 
600 0 0 |a Rammohun Roy,  |c Raja,  |d 1772?-1833. 
600 0 0 |a Rammohun Roy,  |c Raja,  |d 1772?-1833  |x Travel  |z Great Britain. 
610 2 0 |a Brāhmasamāja (India) 
600 0 7 |a Rammohun Roy,  |c Raja,  |d 1772?-1833  |2 fast  |1 https://id.oclc.org/worldcat/entity/E39PBJw8RkbgqjJc3kVyJDRtKd 
610 2 7 |a Brāhmasamāja (India)  |2 fast 
650 0 |a Hindus  |v Biography. 
650 7 |a Hindus  |2 fast 
650 7 |a Travel  |2 fast 
651 7 |a Great Britain  |2 fast  |1 https://id.oclc.org/worldcat/entity/E39PBJdmp7p3cx8hpmJ8HvmTpP 
655 7 |a Electronic books.  |2 local 
655 7 |a Biographies  |2 fast 
710 2 |a Adam Matthew Digital (Firm),  |e digitiser. 
758 |i has work:  |a The last days in England of the Rajah Rammohun Roy 1866 (Text)  |1 https://id.oclc.org/worldcat/entity/E39PCGtdk7K6WGCchxv3TyHP73  |4 https://id.oclc.org/worldcat/ontology/hasWork 
830 0 |a AM Scholar: Area Studies India. 
856 4 0 |u http://proxy.library.tamu.edu/login?url=https://www.amscholar.amdigital.co.uk/Documents/Details/EWB_Part1_Reel1_Vol3  |z Connect to the full text of this electronic book  |t 0 
936 |a BATCHLOAD 
955 |a Adam Matthew Scholar Area Studies India 
994 |a 92  |b TXA 
999 f f |s defc6b4d-03d4-4d77-aa96-596a6b6d0743  |i 06384b3b-c398-45ee-bce0-667eb327ec11  |t 0 
952 f f |a Texas A&M University  |b College Station  |c Electronic Resources  |d Available Online  |t 0  |e BL1274.592.R36   |h Library of Congress classification 
998 f f |a BL1274.592.R36   |t 0  |l Available Online